| 000 | 00735nam a2200133Ia 4500 | ||
|---|---|---|---|
| 999 |
_c9907 _d9907 |
||
| 020 | _a81026113006 | ||
| 082 | _aRR 030.954 ENC- | ||
| 245 | 0 | _aEncyclopedia of South Asia | |
| 260 |
_aNew Delhi _bAnmol Publications _c2002 |
||
| 500 | _acontents: 15 vols (vol 1 Bangaldesh, vii, 297p.), (v 2 Bangaldesh, vii, 568p.), (v 3 Bhutan, vii, 302p.), (v 4 Bhutan, vii, 581), (v 5 Bhutan, vii, 872), (v 6 India, vii,390p.), (v 7 India, vii, 786p.), (v 8 India, vii,1159), (v 9 Nepal, vii, 302p.), (v 10 Nepal, vii, 608p.), (v 11Pakistan, vii, 354p.), (v 12 vii, 713p.), (v 13 Srilanka, vii, 240p.), (v 14 Srilanka, vii, 534p.), (v 15 Srilanka, vii, 799) | ||
| 650 | _aEncyclopedias and dictionaries | ||
| 700 | _aSatinder Kumar | ||
| 942 |
_cBK _2ddc |
||